Introduction to marketing (Record no. 145167)
[ view plain ]
| 000 -LEADER | |
|---|---|
| fixed length control field | 00279nam a2200097Ia 4500 |
| 082 ## - DEWEY DECIMAL CLASSIFICATION NUMBER | |
| Classification number | 658.8 INT |
| 008 - FIXED-LENGTH DATA ELEMENTS--GENERAL INFORMATION | |
| fixed length control field | 210817s9999 xx 000 0 und d |
| 100 ## - MAIN ENTRY--PERSONAL NAME | |
| Personal name | Strydom, Johan Cape Town, South Africa, 2011 4th ed |
| 9 (RLIN) | 42863 |
| 245 #0 - TITLE STATEMENT | |
| Title | Introduction to marketing |
| 942 ## - ADDED ENTRY ELEMENTS | |
| item type | Books |
| Withdrawn status | Lost status | Damaged status | Not for loan | Home library | Current library | Date acquired | Cost, normal purchase price | Total Checkouts | Barcode | Date last seen | Date last checked out | Price effective from | item type |
|---|---|---|---|---|---|---|---|---|---|---|---|---|---|
| Siyathuthuka PL (MMID-PLEMA-SIYA) | Siyathuthuka PL (MMID-PLEMA-SIYA) | 18.08.2021 | 59.95 | 1 | 3322810032604 | 10.12.2025 | 03.11.2025 | 18.08.2021 | Books |